| 000 | 00905nam0a22002411 4500 | ||
|---|---|---|---|
| 001 | rc\589242 | ||
| 005 | 20250621174329.0 | ||
| 035 | _a(NLR Aleph) 005834703 | ||
| 090 |
_a5615931 _c5615931 |
||
| 100 | _a20031121d1998 |||y0rusy50 ca | ||
| 101 | 0 |
_arus _aeng |
|
| 102 | _aRU | ||
| 105 | _aa ||||||||| | ||
| 200 | 1 |
_aНиколай II. Семейный альбом _dNicholas II. The Family album _e[Кат. выст. _fМузей истории г. Москвы, гос. архив. Рос. Федерации _gАвт. вступ. ст. С.В. Мироненкои др.] |
|
| 210 |
_aМ. _cПинакотека _d1998 |
||
| 215 |
_a172 с. _cил., портр. _d29 |
||
| 300 | _aТекст парал. на рус. и англ. яз. | ||
| 510 | 0 | _aNicholas II. The Family album | |
| 801 | 0 |
_aRU _bNLR _gpsbo |
|
| 801 | 1 |
_aRU _bELAR _2rusmarc |
|
| 852 |
_aNLR _bЭ _jАлП/2-Р691 |
||
| 942 | _cBOOK | ||
| 980 | _aNB | ||